Tratamiento moderno de las cardiopatías (Record no. 116899)

MARC details
000 -LEADER
campo de control de longitud fija 00592nam a2200169 4500
001 - NÚMERO DE CONTROL
campo de control 116899
003 - IDENTIFICADOR DE NÚMERO DE CONTROL
campo de control ES-MaACL
005 - FECHA Y HORA DE LA ÚLTIMA TRANSACCIÓN
campo de control 20230906190805.0
007 - CAMPO FIJO DE DESCRIPCIÓN FÍSICA--INFORMACIÓN GENERAL
campo de control de longitud fija t|
008 - DATOS DE LONGITUD FIJA--INFORMACIÓN GENERAL
campo de control de longitud fija 061121s1958 sp r ||||1| spa d
100 1# - ENTRADA PRINCIPAL--NOMBRE DE PERSONA
Nombre de persona Pendl, Fritz.
9 (RLIN) 90162
245 10 - MENCIÓN DEL TÍTULO
Título Tratamiento moderno de las cardiopatías
Resto del título : fundado en el metabolismo del miocardio /
Mención de responsabilidad, etc. por Fritz Pendl ; traducción de la edición alemana por Ricardo Olarán Osorio.
260 ## - PUBLICACIÓN, DISTRIBUCIÓN, ETC.
Lugar de publicación, distribución, etc. Barcelona :
Nombre del editor, distribuidor, etc. Labor,
Fecha de publicación, distribución, etc. 1958.
300 ## - DESCRIPCIÓN FÍSICA
Extensión XV, 301 p. ;
Dimensiones 23 cm.
700 1# - ENTRADA AGREGADA--NOMBRE PERSONAL
Nombre de persona Olarán Osorio, Ricardo.
9 (RLIN) 86656
852 ## - LOCALIZACIÓN
Ubicación ES-MaACL
Número de control de estantería C-14593
Sublocalización o colección R.42431
Holdings
Estatus retirado Estado de pérdida Estado de daño No para préstamo Biblioteca de origen Biblioteca actual Ubicación en estantería Fecha de adquisición Fuente de adquisición Total de préstamos Signatura topográfica completa Código de barras Visto por última vez Precio de reemplazo Tipo de ítem Koha
        Biblioteca del Ateneo de Madrid Biblioteca del Ateneo de Madrid Ficheros 17/01/2008     C-14593 1121886 23/02/2023 23/02/2023 Libro impreso